000 00416nam a2200097Ia 4500
008 180130s9999 xx 000 0 und d
245 _cDoll, Beth; Haack, Mary Kelly; Bieber, Kristin
_aPopulation-based strategies for identifying schoolwide problems
260 _c2013
300 _aBook title: Assessment for intervention : a problem-solving approach--Acession number C17203; pages 77-100
650 _aSCHOOL PSYCHOLOGY
999 _c353709
_d353709